000 00675nam a2200217 i 4500
001 44526
003 ES-MaACL
005 20250829103230.0
007 t|
008 030321s1960 sp ||||1| spa d
110 1 _aPuerto Rico.
_96270
240 1 0 _aCódigo Civil, 1930
245 1 0 _aCódigo civil de Puerto Rico /
_cestudio preliminar de Félix Ochoteco.
260 _aMadrid :
_bInstituto de Cultura Hispánica,
_c1960.
300 _a398 p. ;
_c24 cm.
650 4 _aDerecho civil-
_zPuerto Rico.
_9171527
700 1 _aOchoteco, Félix.
_986498
710 2 _aInstituto de Cultura Hispánica (España)
_94854
852 _aES-MaACL
_jC-21334
999 _c44526
_d44526